Návrh fuzzy a neuro-fuzzy regulátorov

Salvato in:
Dettagli Bibliografici
Autore principale: Mišenko, Martin (Autore)
Altri autori: Vasičkaninová, Anna (Relatore della tesi)
Natura: Manoscritto Libro
Lingua:slovacco
Pubblicazione: 2015
Soggetti:
Accesso online:http://is.stuba.sk/zp/portal_zp.pl?podrobnosti=102295
Tags: Aggiungi Tag
Nessun Tag, puoi essere il primo ad aggiungerne!!

MARC

LEADER 00000ntm a22000003a 4500
001 stuzp53145
003 SK-STU
005 20160719154407.2
007 ta
008 150427s2015----xo-----f-mn---000-0-slo-d
040 |a STU  |b slo 
041 0 |a slo 
100 1 |a Mišenko, Martin  |u 047000  |4 aut  |U FCHPT Fakulta chemickej a potravinárskej technológie  |T FCHPT Ústav informatizácie, automatizácie a matematiky  |X 61616  |U C7000  |Y 105  |7 61616 
242 0 1 |a Design of fuzzy and neuro - fuzzy controllers  |y eng 
245 1 0 |a Návrh fuzzy a neuro-fuzzy regulátorov 
260 |c 2015 
650 4 |a fuzzy logika  |2 slo 
650 4 |a fuzzy regulátor  |2 slo 
650 4 |a zásobníky kvapaliny  |2 slo 
650 4 |a fuzzy controller  |2 eng 
650 4 |a fuzzy logic  |2 eng 
650 4 |a fluid tanks  |2 eng 
700 1 |a Vasičkaninová, Anna  |4 ths  |X 3330  |7 A000003330 
856 4 |u http://is.stuba.sk/zp/portal_zp.pl?podrobnosti=102295 
SQL |a stuzp53145  |b DBP  |c SLO  |d Návrh fuzzy a neuro-fuzzy regulátorov  |e 61616  |f Mišenko, Martin  |g 047000  |h 3330  |i Vasičkaninová, Anna  |j 20150713  |k 104  |l 04  |m http://is.stuba.sk/zp/portal_zp.pl?podrobnosti=102295  |n B-AIM  |o 5.2.14. automatizácia, 5.2.52. priemyselné inžinierstvo